诠释的圆环: (Record no. 21333)
[ view plain ]
| 000 -LEADER | |
|---|---|
| fixed length control field | 00692nam a2200205Ia 4500 |
| 008 - FIXED-LENGTH DATA ELEMENTS--GENERAL INFORMATION | |
| fixed length control field | 200826s9999||||xx |||||||||||||| ||und|| |
| 020 ## - INTERNATIONAL STANDARD BOOK NUMBER | |
| International Standard Book Number | 7301092814 |
| 020 ## - INTERNATIONAL STANDARD BOOK NUMBER | |
| International Standard Book Number | 9787301092811 |
| 041 ## - LANGUAGE CODE | |
| Language code of text/sound track or separate title | chi |
| 050 ## - LIBRARY OF CONGRESS CALL NUMBER | |
| Classification number | BV3417 |
| Item number | .L58 2005 |
| 100 ## - MAIN ENTRY--PERSONAL NAME | |
| Personal name | 刘耘华 |
| 245 #0 - TITLE STATEMENT | |
| Title | 诠释的圆环: |
| Remainder of title | 明末清初传教士对儒家经典的解释及其本土回应 / |
| Statement of responsibility, etc. | 刘耘华 |
| 246 ## - VARYING FORM OF TITLE | |
| Title proper/short title | 詮釋的圓環 : |
| Remainder of title | 明末清初傳教士對儒家經典的解釋及其本土回應 / |
| 260 ## - PUBLICATION, DISTRIBUTION, ETC. | |
| Place of publication, distribution, etc. | 北京市 : |
| Name of publisher, distributor, etc. | 北京大学出版社, |
| 300 ## - PHYSICAL DESCRIPTION | |
| Extent | 5, 5, 8, 5, 452 p. |
| Other physical details | ; |
| Dimensions | 21 cm. |
| 650 ## - SUBJECT ADDED ENTRY--TOPICAL TERM | |
| Topical term or geographic name entry element | East and West. |
| 650 ## - SUBJECT ADDED ENTRY--TOPICAL TERM | |
| Topical term or geographic name entry element | Missions -- China -- History. |
| 650 ## - SUBJECT ADDED ENTRY--TOPICAL TERM | |
| Topical term or geographic name entry element | Philosophy, Confucian. |
| Withdrawn status | Lost status | Damaged status | Not for loan | Home library | Current library | Shelving location | Date acquired | Total Checkouts | Full call number | Barcode | Date last seen | Price effective from | Koha item type |
|---|---|---|---|---|---|---|---|---|---|---|---|---|---|
| GETS Theological Seminary Library | GETS Theological Seminary Library | General Stacks | 08/26/2020 | BV3417 .L58 2005 | 00008953 | 08/26/2020 | 08/26/2020 | Chinese Book |